000 00617nam a2200193 u 4500
005 20240910063926.0
008 090519s2007 r 000 0 eng d
020 _a9788420471594
035 _aUPN01000170527
049 _aI
050 4 _aPZ78
_bS9.5
100 1 _aSommer-Bodenburg, Angela,
_d1948-
_930987
245 1 3 _aEl pequeño vampiro en la granja /
_cAngela Sommer-Bodenburg ; José Miguel Rodríguez Clemente.
260 _aMadrid :
_bAlfaguara,
_c2007.
300 _a166 p. :
_bil.
650 4 _aCuentos infantiles alemanes
_98589
650 4 _aVAMPIROS -
_vLITERATURA INFANTIL
_915397
905 _aInfantil
999 _c142632
_d142632